LDR 01339naa#a2200205#i#450# 001 RU\\bibl\122711 005 20260516143954.6 011 ## _a2782-6678 100 ## _a20260504b2026####ek#y0rusy0150####ca 101 0# _aRUS 102 ## _aRU 200 1# _aОсобенности формирования цифровой модели рельефа по результатам аэрофотосъемки с беспилотного воздушного судна _eЖурнальная статья 210 1# _aМосква _cФедеральное государственное бюджетное образовательное учреждение высшего образования "Московский государственный университет геодезии и картографии" _d2026 215 ## _a9 с. 608 ## _aЖурнальная статья _2local 675 ## _aОриентирование и стереофотограмметрическая обработка снимков. 528.721.2 _zRUS 686 ## _aПрикладная геодезия. Прикладные применения аэросъемки и фотограмметрии. 36.23 _2grnti 700 #1 _aДычко _gАндрей Александрович 700 #1 _aБыков _gЛеонид Васильевич 856 4# _amiigaik.editorum.ru _u